00510 a2200181 450000100060000002000150000604000240002110000280004524000380007324500330011130000080014436200090015244000080016165000310016994200070020095201040020799900170031169382 a8532246257 cAnchieta - Itaigara aLaurito, Ilka Brunhilde10aA menina que fez a Américalpor10aA menina que fez a América a1110 a2002 1aFTD 4aLiteratura infanto-juvenil cBK 00104070a88.1b88.1d2023-11-21l0o028.5 LAU MENp1642/ITAr2023-11-21 20:03:55w2023-11-21yBK c69382d69382